[Event "Chigorin Mem Rapid"]
[Site "St Petersburg RUS"]
[Date "2012.10.26"]
[Round "7.1"]
[White "Fedoseev, Vladimir3"]
[Black "Khismatullin, Denis"]
[Result "1/2-1/2"]
[WhiteTitle "GM"]
[BlackTitle "GM"]
[WhiteElo "2498"]
[BlackElo "2638"]
[WhiteFideId "24130737"]
[BlackFideId "4142578"]
[EventDate "2012.10.25"]

1. d4 Nf6 2. c4 e6 3. Nc3 d5 4. cxd5 Nxd5 5. e4 Nxc3 6. bxc3 c5 7. Nf3 cxd4 8.
cxd4 Bb4+ 9. Bd2 Bxd2+ 10. Qxd2 O-O 11. Bd3 b6 12. O-O Bb7 13. Rac1 Nc6 14. Bb1
Ne7 15. Qf4 Ng6 16. Qc7 Ba6 17. Rfe1 Qf6 18. e5 Qf4 19. Rcd1 Rfc8 20. Qd7 Rd8
21. Qc7 Rdc8 22. Qd7 Rd8 23. Qc7 Rdc8 24. Qd7 1/2-1/2

[Event "Chigorin Mem Rapid"]
[Site "St Petersburg RUS"]
[Date "2012.10.26"]
[Round "7.4"]
[White "Halkias, Stelios"]
[Black "Lenderman, Aleksandr"]
[Result "1-0"]
[WhiteTitle "GM"]
[BlackTitle "GM"]
[WhiteElo "2581"]
[BlackElo "2614"]
[WhiteFideId "4201809"]
[BlackFideId "2021285"]
[EventDate "2012.10.25"]

1. d4 Nf6 2. Nf3 d5 3. c4 e6 4. g3 Bb4+ 5. Nc3 O-O 6. Bg2 dxc4 7. O-O Nc6 8. a3
Be7 9. e4 a6 10. Bf4 b5 11. Qe2 Bb7 12. Rad1 Na5 13. h4 Nb3 14. Bg5 h6 15. Bf4
Re8 16. Rfe1 Bf8 17. e5 Nd5 18. Ne4 c5 19. Bg5 Qb6 20. Nf6+ gxf6 21. exf6 hxg5
22. hxg5 Ne7 23. Ne5 Ng6 24. Qh5 Nh8 25. Nxf7 Nxf7 26. Qg6+ Kh8 27. Qxf7 Bh6 28.
g6 1-0

[Event "Chigorin Mem Rapid"]
[Site "St Petersburg RUS"]
[Date "2012.10.26"]
[Round "7.6"]
[White "Grigoryan, Avetik"]
[Black "Demchenko, Anton"]
[Result "0-1"]
[WhiteTitle "GM"]
[BlackTitle "IM"]
[WhiteElo "2572"]
[BlackElo "2610"]
[WhiteFideId "13302191"]
[BlackFideId "4160258"]
[EventDate "2012.10.25"]

1. d4 Nf6 2. c4 g6 3. Nc3 Bg7 4. e4 d6 5. h3 O-O 6. Bg5 Na6 7. Be2 Qe8 8. Be3 e5
9. d5 Nc5 10. Qc2 a5 11. g4 Qe7 12. Nf3 c6 13. Nd2 Bd7 14. a4 Na6 15. Kf1 Nb4
16. Qd1 Ne8 17. Kg2 f5 18. f3 Bf6 19. Rc1 c5 20. Nf1 Bg5 21. b3 Ng7 22. Qd2 Bxe3
23. Qxe3 h5 24. Nd2 fxg4 25. hxg4 Rf4 26. gxh5 Nxh5 27. Rcg1 Rh4 28. Kf2 Nf4 29.
Nf1 Kf7 30. Ng3 Rah8 31. Bf1 Rh2+ 32. Rxh2 Rxh2+ 33. Bg2 Qh4 34. Ne2 Bh3 0-1

[Event "Chigorin Mem Rapid"]
[Site "St Petersburg RUS"]
[Date "2012.10.26"]
[Round "7.10"]
[White "Socko, Bartosz"]
[Black "Golubov, Saveliy"]
[Result "1-0"]
[WhiteTitle "GM"]
[WhiteElo "2619"]
[BlackElo "2189"]
[WhiteFideId "1107038"]
[BlackFideId "24176729"]
[EventDate "2012.10.25"]

1. d4 Nf6 2. c4 e6 3. Nc3 Bb4 4. Qc2 d5 5. a3 Bxc3+ 6. Qxc3 O-O 7. Bg5 h6 8. Bh4
c6 9. e3 Nbd7 10. Nf3 Qc7 11. Bd3 dxc4 12. Qxc4 b5 13. Qc2 Bb7 14. O-O Rac8 15.
Rfc1 a6 16. b4 Rfe8 17. Bg3 Qb6 18. h3 a5 19. Qb3 axb4 20. axb4 Ra8 21. Bd6 Ra6
22. Ne5 Rea8 23. Rxa6 Qxa6 24. Nxd7 Nxd7 25. Be4 Nf6 26. Bf3 Nd5 27. e4 Nb6 28.
Bc5 Nd7 29. Bd6 Nb6 30. Qd3 Rd8 31. Bc7 Rd7 32. Bf4 Rd8 33. Bh5 Nc4 34. Qg3 Kf8
35. Bxh6 gxh6 36. Qc7 1-0

[Event "Chigorin Mem Rapid"]
[Site "St Petersburg RUS"]
[Date "2012.10.26"]
[Round "7.11"]
[White "Alavkin, Arseny"]
[Black "Lysyj, Igor"]
[Result "0-1"]
[WhiteTitle "GM"]
[BlackTitle "GM"]
[WhiteElo "2401"]
[BlackElo "2628"]
[WhiteFideId "4120612"]
[BlackFideId "4150120"]
[EventDate "2012.10.25"]

1. e4 e6 2. d4 d5 3. e5 c5 4. c3 Nc6 5. Nf3 Bd7 6. a3 f6 7. b4 fxe5 8. dxe5 Qc7
9. Bf4 O-O-O 10. Bd3 h6 11. h4 Be8 12. h5 Nge7 13. Qe2 g5 14. hxg6 Nxg6 15. Bg3
Bg7 16. b5 Nce7 17. a4 Rf8 18. a5 Nf4 19. Bxf4 Rxf4 20. Nbd2 Ng6 21. b6 axb6 22.
a6 bxa6 23. Rxa6 Nxe5 24. O-O Nxd3 25. Rfa1 Bc6 26. Qxd3 Bb7 27. Ra7 e5 28. Qg6
Rf6 29. Qg4+ Qd7 30. Qg3 Re6 31. Qg4 e4 32. Nh4 Be5 33. Ng6 Bb8 34. R7a3 Rde8
35. Nf4 Rf6 36. Qxd7+ Kxd7 37. Nh5 Rf7 38. Rb1 Bc7 39. Nb3 Bc6 40. Ra7 Ra8 41.
Rba1 Rxa7 42. Rxa7 Kc8 43. Ng3 Kb8 44. Ra1 e3 45. Nh1 exf2+ 46. Nxf2 Rg7 47. Rb1
Kc8 48. Nd2 Rg3 49. Rc1 Bf4 50. Rc2 Bxd2 51. Rxd2 Rxc3 52. Ng4 b5 53. Ne5 Bb7
54. Nf7 Rc1+ 55. Kf2 b4 0-1

[Event "Chigorin Mem Rapid"]
[Site "St Petersburg RUS"]
[Date "2012.10.26"]
[Round "8.2"]
[White "Halkias, Stelios"]
[Black "Hovhannisyan, Robert"]
[Result "1-0"]
[WhiteTitle "GM"]
[BlackTitle "GM"]
[WhiteElo "2581"]
[BlackElo "2610"]
[WhiteFideId "4201809"]
[BlackFideId "13302507"]
[EventDate "2012.10.25"]

1. d4 d5 2. c4 c6 3. Nf3 Nf6 4. Nc3 e6 5. g3 dxc4 6. Bg2 b5 7. Bg5 a6 8. O-O Bb7
9. Bxf6 gxf6 10. a4 Nd7 11. e3 Bb4 12. Nd2 Qb8 13. Qh5 Nb6 14. Nde4 Be7 15. Nc5
Bxc5 16. dxc5 Nd7 17. Ne4 Ke7 18. Rad1 Rf8 19. Rd6 f5 20. Qg5+ Ke8 21. Rxd7 Kxd7
22. Rd1+ Kc8 23. Nd6+ Qxd6 24. cxd6 Kb8 25. Qe7 Ka7 1-0

[Event "Chigorin Mem Rapid"]
[Site "St Petersburg RUS"]
[Date "2012.10.26"]
[Round "8.3"]
[White "Demchenko, Anton"]
[Black "Fedoseev, Vladimir3"]
[Result "1/2-1/2"]
[WhiteTitle "IM"]
[BlackTitle "GM"]
[WhiteElo "2610"]
[BlackElo "2498"]
[WhiteFideId "4160258"]
[BlackFideId "24130737"]
[EventDate "2012.10.25"]

1. e4 e5 2. Nf3 Nc6 3. Bb5 a6 4. Ba4 Nf6 5. O-O Bc5 6. d3 b5 7. Bb3 O-O 8. a4
Rb8 9. axb5 axb5 10. Nc3 h6 11. Be3 Bxe3 12. fxe3 d6 13. Qe1 b4 14. Nd5 Nxd5 15.
exd5 Ne7 16. Ra4 c5 17. dxc6 Nxc6 18. d4 e4 19. Nh4 d5 20. Nf5 Bxf5 21. Rxf5 Rb5
22. Qf1 Ne7 23. Rxf7 Rxf7 24. Qxb5 Kh7 25. Ra1 Qd6 26. Ra6 Qd8 27. h3 Qc7 28.
Qe2 Nf5 29. Ra1 Ng3 30. Qg4 Rf5 31. Re1 h5 32. Qd1 Qd6 33. c4 bxc3 34. bxc3 Qc6
35. Qc2 Qf6 36. Qd1 Qc6 37. Qc2 Qf6 38. Qd1 Qa6 39. Kh2 Qd6 40. Kg1 Qc6 41. Qc2
Qf6 42. Qd1 Qc6 43. Qc2 1/2-1/2

[Event "Chigorin Mem Rapid"]
[Site "St Petersburg RUS"]
[Date "2012.10.26"]
[Round "8.5"]
[White "Shimanov, Aleksandr"]
[Black "Zvjaginsev, Vadim"]
[Result "0-1"]
[WhiteTitle "GM"]
[BlackTitle "GM"]
[WhiteElo "2599"]
[BlackElo "2678"]
[WhiteFideId "4198603"]
[BlackFideId "4113403"]
[EventDate "2012.10.25"]

1. d4 e6 2. Nf3 Nf6 3. c4 d5 4. Nc3 Be7 5. Qc2 O-O 6. Bg5 Nbd7 7. O-O-O c6 8. e4
h6 9. Bxf6 Nxf6 10. e5 Nd7 11. cxd5 cxd5 12. g4 Nb6 13. Kb1 Bd7 14. Bd3 Rc8 15.
Qe2 Rxc3 16. bxc3 Na4 17. Rc1 Qa5 18. c4 Ba3 19. Qc2 dxc4 20. Bxc4 Rc8 21. Qb3
Bxc1 22. Rxc1 Rc6 23. Qa3 b5 24. Bd3 Rc3 25. Rxc3 Nxc3+ 26. Kb2 Nd1+ 0-1

[Event "Chigorin Mem Rapid"]
[Site "St Petersburg RUS"]
[Date "2012.10.26"]
[Round "8.7"]
[White "Lysyj, Igor"]
[Black "Grigoryan, Avetik"]
[Result "1-0"]
[WhiteTitle "GM"]
[BlackTitle "GM"]
[WhiteElo "2628"]
[BlackElo "2572"]
[WhiteFideId "4150120"]
[BlackFideId "13302191"]
[EventDate "2012.10.25"]

1. d4 Nf6 2. c4 e6 3. Nc3 c5 4. d5 exd5 5. cxd5 g6 6. Nf3 Bg7 7. h3 O-O 8. Bg5
Qa5 9. Nd2 b5 10. e3 h6 11. Bf4 Nh5 12. Bd6 Re8 13. Nxb5 Na6 14. Bc4 Bxb2 15.
Rb1 Be5 16. O-O Nf6 17. Bxe5 Rxe5 18. Nf3 Re8 19. Nd6 Rf8 20. Ne5 Kg7 21. Qd3
Nb4 22. Rxb4 cxb4 23. Ndxf7 1-0

[Event "Chigorin Mem Rapid"]
[Site "St Petersburg RUS"]
[Date "2012.10.26"]
[Round "8.8"]
[White "Anisimov, Pavel2"]
[Black "Bartel, Mateusz"]
[Result "1/2-1/2"]
[WhiteTitle "IM"]
[BlackTitle "GM"]
[WhiteElo "2541"]
[BlackElo "2635"]
[WhiteFideId "4135229"]
[BlackFideId "1112635"]
[EventDate "2012.10.25"]

1. d4 f5 2. Bg5 g6 3. h4 Bg7 4. c3 Nf6 5. Nf3 d6 6. Nbd2 Nc6 7. Bxf6 Bxf6 8. e4
e5 9. dxe5 dxe5 10. h5 O-O 11. Bc4+ Kg7 12. Qe2 f4 13. hxg6 hxg6 14. O-O-O Bg4
15. Bd5 Qe7 16. Bxc6 bxc6 17. Qc4 Qe6 18. Qa4 Rfb8 19. Nc4 Rb5 20. Rd3 Qf7 21.
Rhd1 Be6 22. b3 a5 23. Na3 Rc5 24. c4 Rb8 25. Nc2 Be7 26. Rc3 Qe8 27. Nfe1 Ra8
28. Na3 Rb8 29. Nac2 Ra8 30. Na3 Rb8 31. Nd3 1/2-1/2

[Event "Chigorin Mem Rapid"]
[Site "St Petersburg RUS"]
[Date "2012.10.26"]
[Round "8.10"]
[White "Popov, Ivan RUS"]
[Black "Vocaturo, Daniele"]
[Result "0-1"]
[WhiteTitle "GM"]
[BlackTitle "GM"]
[WhiteElo "2614"]
[BlackElo "2534"]
[WhiteFideId "4170350"]
[BlackFideId "813192"]
[EventDate "2012.10.25"]

1. e4 e6 2. d4 d5 3. Nc3 Bb4 4. exd5 exd5 5. Bd3 Nc6 6. a3 Be7 7. Nge2 Bg4 8. f3
Bh5 9. Nf4 Bg6 10. Nfxd5 Bd6 11. O-O Kf8 12. f4 Nf6 13. Nxf6 Qxf6 14. Be3 Re8
15. Qd2 Nxd4 16. Bxg6 Rxe3 17. Qxe3 Bc5 18. Ne4 Ne2+ 19. Kh1 Bxe3 20. Nxf6 Ng3+ 0-1

[Event "Chigorin Mem Rapid"]
[Site "St Petersburg RUS"]
[Date "2012.10.26"]
[Round "8.12"]
[White "Zhigalko, Andrey"]
[Black "Golovin, Leonid"]
[Result "1-0"]
[WhiteTitle "GM"]
[WhiteElo "2582"]
[BlackElo "2475"]
[WhiteFideId "13502247"]
[BlackFideId "4113381"]
[EventDate "2012.10.25"]

1. e4 c5 2. Nf3 Nc6 3. d4 cxd4 4. Nxd4 Qb6 5. Nb3 Nf6 6. Nc3 e6 7. a3 a6 8. Bf4
Ne7 9. Qd2 d5 10. e5 Nd7 11. Be3 Qc7 12. f4 b6 13. Nd4 Nc6 14. Nxc6 Qxc6 15. Ne2
Be7 16. Nd4 Qb7 17. b4 b5 18. Bd3 g6 19. Qf2 Rb8 20. O-O Nb6 21. Nf3 Bd7 22. Bd4
Nc4 23. f5 gxf5 24. Bxf5 exf5 25. e6 Rg8 26. exd7+ Qxd7 27. Rae1 Kd8 28. Ne5
Nxe5 29. Rxe5 Kc8 30. Rxf5 f6 31. Bxf6 Bd6 32. Qf3 Rb6 33. Qxd5 Re8 34. Bd4 Rc6
35. c3 Rd8 36. Qe4 Re8 37. Qf3 Qc7 38. Rf7 Re7 39. Rxe7 Bxe7 40. Qh3+ Kb7 41.
Qxh7 Rxc3 42. Qe4+ Rc6 43. Rf7 Kc8 44. Rxe7 Rc1+ 45. Kf2 1-0

[Event "Chigorin Mem Rapid"]
[Site "St Petersburg RUS"]
[Date "2012.10.26"]
[Round "9.1"]
[White "Khismatullin, Denis"]
[Black "Halkias, Stelios"]
[Result "1-0"]
[WhiteTitle "GM"]
[BlackTitle "GM"]
[WhiteElo "2638"]
[BlackElo "2581"]
[WhiteFideId "4142578"]
[BlackFideId "4201809"]
[EventDate "2012.10.25"]

1. d4 f5 2. Nf3 Nf6 3. g3 g6 4. c4 Bg7 5. b4 O-O 6. Bb2 d6 7. Bg2 Qe8 8. O-O c6
9. Nbd2 Nbd7 10. Qb3 h6 11. Rae1 Qf7 12. a4 Rb8 13. Qc2 a6 14. Nh4 e5 15. e4 f4
16. c5 dxc5 17. bxc5 Nh7 18. gxf4 exd4 19. f5 Ne5 20. f4 Qf6 21. fxe5 Qxh4 22.
Qb3+ Kh8 23. f6 Nxf6 24. exf6 Rxf6 25. Nf3 Qh5 26. Bxd4 Be6 27. Qc3 Rbf8 28.
Bxf6 Rxf6 29. Qe3 Rf8 30. Kh1 Re8 31. e5 Bd5 32. Qf4 g5 33. Qg3 Bc4 34. Rf2 Bf8
35. e6 Bg7 36. e7 Bd5 37. Rfe2 Qf7 38. Ne5 Qf5 39. Bxd5 cxd5 40. Rf2 Qc8 41.
Nf7+ Kg8 42. Nd6 1-0

[Event "Chigorin Mem Rapid"]
[Site "St Petersburg RUS"]
[Date "2012.10.26"]
[Round "9.2"]
[White "Grachev, Boris"]
[Black "Demchenko, Anton"]
[Result "1/2-1/2"]
[WhiteTitle "GM"]
[BlackTitle "IM"]
[WhiteElo "2672"]
[BlackElo "2610"]
[WhiteFideId "4129199"]
[BlackFideId "4160258"]
[EventDate "2012.10.25"]

1. d4 Nf6 2. Nf3 d6 3. g3 g6 4. Bg2 Bg7 5. c4 O-O 6. Nc3 Nbd7 7. O-O e5 8. e4
exd4 9. Nxd4 Nc5 10. Re1 Re8 11. h3 Bd7 12. Bf4 h6 13. g4 h5 14. f3 hxg4 15.
hxg4 Ne6 16. Be3 Nxd4 17. Bxd4 Be6 18. Nd5 1/2-1/2

[Event "Chigorin Mem Rapid"]
[Site "St Petersburg RUS"]
[Date "2012.10.26"]
[Round "9.3"]
[White "Zvjaginsev, Vadim"]
[Black "Fedoseev, Vladimir3"]
[Result "1/2-1/2"]
[WhiteTitle "GM"]
[BlackTitle "GM"]
[WhiteElo "2678"]
[BlackElo "2498"]
[WhiteFideId "4113403"]
[BlackFideId "24130737"]
[EventDate "2012.10.25"]

1. e4 e5 2. Nf3 Nc6 3. Bb5 a6 4. Ba4 Nf6 5. O-O Bc5 6. Bxc6 dxc6 7. d3 Qe7 8.
Be3 Bd6 9. Nbd2 Ng4 10. Nc4 Nxe3 11. fxe3 O-O 12. Qe1 f6 13. Nxd6 cxd6 14. Qg3
Be6 15. Nh4 d5 16. exd5 Bxd5 17. Nf5 Qd7 18. e4 Be6 19. Qe3 1/2-1/2

[Event "Chigorin Mem Rapid"]
[Site "St Petersburg RUS"]
[Date "2012.10.26"]
[Round "9.6"]
[White "Stupak, Kirill"]
[Black "Lenderman, Aleksandr"]
[Result "0-1"]
[WhiteTitle "GM"]
[BlackTitle "GM"]
[WhiteElo "2520"]
[BlackElo "2614"]
[WhiteFideId "13503758"]
[BlackFideId "2021285"]
[EventDate "2012.10.25"]

1. d4 Nf6 2. g3 d5 3. Nf3 c6 4. Bg2 Bf5 5. O-O e6 6. c4 Nbd7 7. Nc3 h6 8. Qb3
Qb6 9. c5 Qc7 10. Bf4 Qc8 11. Nd2 Be7 12. e4 dxe4 13. Nc4 Nd5 14. Nd6+ Bxd6 15.
Bxd6 N7f6 16. Rae1 Qd7 17. f3 e3 18. f4 Ne7 19. Rxe3 Nc8 20. Be5 Ng4 21. Ree1
O-O 22. h3 Nxe5 23. dxe5 Qd4+ 24. Kh2 Qxc5 25. Qxb7 Ne7 26. Na4 Qc2 27. Qxe7
Qxa4 28. g4 Bd3 29. Rf3 Qc2 30. Qa3 Rfd8 31. Kg1 Rab8 32. Rf2 Qc4 33. b3 Qd4 34.
Rc1 Qe3 35. Rd1 Be4 36. Qc1 Rxd1+ 37. Qxd1 Bd5 38. Qd2 Qg3 39. Kf1 Rd8 40. Ke1
Rd7 41. Bf1 c5 42. Qd3 Qxd3 43. Bxd3 Bxb3 44. Bb5 Rb7 45. Bc6 Rb6 46. axb3 Rxc6
47. Kd2 Rb6 48. Kc3 Rb4 49. f5 Re4 50. fxe6 fxe6 51. Ra2 Rxe5 52. Rxa7 Re3+ 53.
Kc4 Rxh3 54. Re7 Re3 55. g5 hxg5 56. Kxc5 Rxb3 57. Rxe6 Kf7 58. Re4 Kf6 59. Kc4
Rf3 60. Re8 g4 61. Kd4 Kg5 62. Ke4 Rf1 63. Kd3 g3 64. Re5+ Kg4 65. Re4+ Rf4 66.
Rxf4+ Kxf4 67. Ke2 Ke4 68. Kf1 Kf3 0-1

[Event "Chigorin Mem Rapid"]
[Site "St Petersburg RUS"]
[Date "2012.10.26"]
[Round "9.7"]
[White "Hovhannisyan, Robert"]
[Black "Stukopin, Andrey"]
[Result "1/2-1/2"]
[WhiteTitle "GM"]
[BlackTitle "IM"]
[WhiteElo "2610"]
[BlackElo "2494"]
[WhiteFideId "13302507"]
[BlackFideId "24107131"]
[EventDate "2012.10.25"]

1. e4 e5 2. Nf3 Nc6 3. Bb5 a6 4. Ba4 Nf6 5. O-O Be7 6. Re1 b5 7. Bb3 d6 8. c3
O-O 9. h3 Na5 10. Bc2 c5 11. d4 Qc7 12. Nbd2 Re8 13. Nf1 g6 14. Bg5 Nc4 15. b3
Na3 16. Bd3 c4 17. bxc4 bxc4 18. Bc2 Qa5 19. Ba4 Bd7 20. Bxd7 Nxd7 21. Bxe7 Rxe7
22. Ne3 Nf6 23. dxe5 dxe5 24. Nd5 Nxd5 25. exd5 Rd8 26. d6 Re6 27. Qc1 f6 28.
Nd2 Rdxd6 29. Ne4 Rd3 30. Re2 f5 31. Ng5 Re8 32. Qb2 h6 33. Nf3 e4 34. Ne1 Rd6
35. Rd2 Red8 36. Rad1 Rxd2 1/2-1/2

[Event "Chigorin Mem Rapid"]
[Site "St Petersburg RUS"]
[Date "2012.10.26"]
[Round "9.10"]
[White "Bartel, Mateusz"]
[Black "Levin, Evgeny A."]
[Result "0-1"]
[WhiteTitle "GM"]
[BlackTitle "GM"]
[WhiteElo "2635"]
[BlackElo "2516"]
[WhiteFideId "1112635"]
[BlackFideId "4182596"]
[EventDate "2012.10.25"]

1. e4 e6 2. Qe2 c5 3. Nf3 Nc6 4. g3 g6 5. Bg2 Bg7 6. c3 Nge7 7. d3 e5 8. h4 h6
9. Nbd2 d6 10. h5 g5 11. Nh2 Be6 12. Ng4 f5 13. Ne3 d5 14. Nb3 b6 15. f4 gxf4
16. gxf4 O-O 17. Bd2 fxe4 18. dxe4 exf4 19. Nxd5 Nxd5 20. exd5 Bxd5 21. Bxd5+
Qxd5 22. O-O-O Rae8 23. Qh2 Qf5 24. Rhf1 Ne5 25. Bxf4 Nd3+ 26. Rxd3 Qxd3 27. Rd1
Qe2 28. Qg3 Qxh5 29. Rg1 Rf7 30. Nd2 Re6 31. Nc4 Qf5 32. Bd2 Qd5 33. Ne3 Qxa2
34. Qg4 Ref6 35. Qg2 Qa1+ 36. Kc2 Qa4+ 37. Kc1 Rf2 38. Qa8+ Kh7 39. Rd1 Qa1+ 40.
Kc2 Qa4+ 41. Kc1 Rd7 42. Qe8 Qa1+ 43. Kc2 Qa4+ 44. Kc1 Qa1+ 45. Kc2 Rdxd2+ 46.
Rxd2 Rxd2+ 47. Kxd2 Qxb2+ 48. Kd1 Qb1+ 49. Ke2 Qg6 50. Qd7 a5 51. Nf5 h5 52. Kd2
a4 53. Kc2 Qf6 54. Nxg7 Qxg7 55. Qxa4 Qg2+ 56. Kb3 Qd5+ 57. Ka3 Qe6 58. Qf4 Kg6
59. c4 Qf6 60. Qe4+ Kg5 61. Ka4 Qa1+ 62. Kb5 Qa5+ 0-1